000 00578nam a2200169 i 4500
001 58562
003 ES-MaACL
005 20230906163833.0
007 t|
008 031022s1972 sp ||||1| spa d
100 1 _aDulong, Renaud.
_945974
245 1 4 _aUna Iglesia en crisis
_b: ensayo sociológico sobre la crisis de la Iglesia católica /
_cRenaud Dulong ; [traducción de Nuria Vidal].
260 _a[Madrid, etc. :
_bMarova ;
_aBarcelona :
_bFerrer Coll,
_c1972]
300 _a199 p. ;
_c18 cm.
700 1 _aVidal, Nuria.
_9114451
852 _aES-MaACL
_jC-52211
_bR.83995
999 _c58562
_d58562